| Tag |
First Indicator |
Second Indicator |
Subfields |
| LEADER |
00000cas a2200000 a 4500 |
| 001 |
in00000051793 |
| 005 |
20151007074018.0 |
| 008 |
760923u1950uuuudcumn p f0 a0eng c |
| 010 |
|
|
|a 50028682
|z sn 78003938
|
| 016 |
7 |
|
|a 009875988
|2 Uk
|
| 019 |
|
|
|a 12384892
|
| 022 |
0 |
|
|a 0037-4938
|l 0037-4938
|2 1
|
| 029 |
1 |
|
|a NLGGC
|b 045301603
|
| 029 |
1 |
|
|a NZ1
|b 7511407
|
| 029 |
1 |
|
|a NZ1
|b 9737128
|
| 029 |
1 |
|
|a AU@
|b 000002422999
|
| 029 |
1 |
|
|a AU@
|b 000044870186
|
| 030 |
|
|
|a SGNAAZ
|
| 032 |
|
|
|a 496300
|b USPS
|
| 035 |
|
|
|a (OCoLC)ocm01353952
|
| 035 |
|
|
|a (OCoLC)1353952
|z (OCoLC)12384892
|
| 040 |
|
|
|a NSD
|b eng
|c NSD
|d DLC
|d OCL
|d NSD
|d DLC
|d NSD
|d AIP
|d HUL
|d NSD
|d DLC
|d NSD
|d NST
|d OCL
|d DLC
|d OCLCQ
|d UKMGB
|d DMF
|d UtOrBLW
|
| 042 |
|
|
|a pcc
|a nsdp
|
| 049 |
|
|
|a TXAM
|
| 050 |
0 |
0 |
|a UG1
|b .M65
|
| 082 |
0 |
4 |
|a 358/.24
|2 19
|
| 130 |
0 |
|
|a Signals (Washington, D.C. : 1950)
|
| 210 |
0 |
|
|a Signal
|b (1950)
|
| 222 |
|
0 |
|a Signal
|b (1950)
|
| 245 |
1 |
0 |
|a Signals /
|c Armed Forces Communications Association.
|
| 246 |
3 |
0 |
|a Signal
|
| 264 |
|
1 |
|a [Washington, D.C.] :
|b The Association,
|c [1950-]
|
| 264 |
|
4 |
|c [©1950-]
|
| 300 |
|
|
|a volumes :
|b illustrations ;
|c 29 cm.
|
| 310 |
|
|
|a Monthly (except May/June combined),
|b <July 1981- >
|
| 321 |
|
|
|a Bimonthly,
|b <Mar.-Apr. 1950- >
|
| 336 |
|
|
|a text
|b txt
|2 rdacontent
|
| 337 |
|
|
|a unmediated
|b n
|2 rdamedia
|
| 338 |
|
|
|a volume
|b nc
|2 rdacarrier
|
| 362 |
0 |
|
|a [Vol. 4, no. 4] (Mar.-Apr. 1950)-
|
| 500 |
|
|
|a Some issues have title: Signal.
|
| 500 |
|
|
|a Title from cover.
|
| 550 |
|
|
|a Vols. for -Nov./Dec. 1954 issued by Armed Forces Communications Association; for Jan./Feb. 1955- by Armed Forces Communications and Electronics Association.
|
| 650 |
|
0 |
|a Signals and signaling
|v Periodicals.
|
| 650 |
|
0 |
|a Communications, Military
|v Periodicals.
|
| 650 |
|
0 |
|a Military telecommunication
|v Periodicals.
|
| 710 |
2 |
|
|a Armed Forces Communications Association.
|
| 710 |
2 |
|
|a Armed Forces Communications and Electronics Association (U.S.)
|
| 776 |
0 |
8 |
|i Online version:
|t Signals (Washington, D.C. : 1950)
|w (OCoLC)703484025
|
| 780 |
0 |
0 |
|t Military signals
|w (DLC) 88647296 (OCoLC)12384897
|
| 850 |
|
|
|a CaSRU
|a CoU
|a DLC
|a MH-SI
|a NcD
|
| 936 |
|
|
|a Vol. 4, no. 6 (July-Aug. 1950) LIC
|
| 949 |
|
|
|a updated
|b h
|c 2013/2/18
|e spoltoratski
|f 1:24:48 pm
|g m
|
| 994 |
|
|
|a C0
|b TXA
|
| 999 |
|
|
|a MARS
|
| 999 |
f |
f |
|s dad8d87a-0eba-3a55-a158-b821b3a6f9cc
|i 770f1253-bd3f-3c29-9340-7b64c331e2fa
|t 0
|
| 952 |
f |
f |
|a Texas A&M University
|b Rellis Campus
|c Joint Library Facility
|d Remote Storage
|e UG1 .M65
|h Library of Congress classification
|i unmediated -- volume
|k v.64:no.1-3
|l 2009:Sept.-Nov.
|m A14838933527
|p ric
|s JLF
|t 0
|
| 952 |
f |
f |
|a Texas A&M University
|b Rellis Campus
|c Joint Library Facility
|d Remote Storage
|e UG1 .M65
|h Library of Congress classification
|i unmediated -- volume
|k v.41:no.7-12
|l 1987:Mar.-Aug.
|m A14811360428
|p ric
|s JLF
|t 0
|
| 952 |
f |
f |
|a Texas A&M University
|b Rellis Campus
|c Joint Library Facility
|d Remote Storage
|e UG1 .M65
|h Library of Congress classification
|i unmediated -- volume
|k v.56:no.4-6
|l 2001/2002:Dec.-Feb.
|m A14829907690
|p ric
|s JLF
|t 0
|
| 952 |
f |
f |
|a Texas A&M University
|b Rellis Campus
|c Joint Library Facility
|d Remote Storage
|e UG1 .M65
|h Library of Congress classification
|i unmediated -- volume
|k v.49:no.7-8
|l 1995:Mar.-Apr.
|m A14829270954
|p ric
|s JLF
|t 0
|
| 952 |
f |
f |
|a Texas A&M University
|b Rellis Campus
|c Joint Library Facility
|d Remote Storage
|e UG1 .M65
|h Library of Congress classification
|i unmediated -- volume
|k v.63:no.9-12
|l 2009:May-Aug.
|m A14838933569
|p ric
|s JLF
|t 0
|
| 952 |
f |
f |
|a Texas A&M University
|b Rellis Campus
|c Joint Library Facility
|d Remote Storage
|e UG1 .M65
|h Library of Congress classification
|i unmediated -- volume
|k v.49:no.1-3
|l 1994:Sept.-Nov.
|m A14818837141
|p ric
|s JLF
|t 0
|
| 952 |
f |
f |
|a Texas A&M University
|b Rellis Campus
|c Joint Library Facility
|d Remote Storage
|e UG1 .M65
|h Library of Congress classification
|i unmediated -- volume
|k v.61:no.1-3
|l 2006:Sept.-Nov.
|m A14835099049
|p ric
|s JLF
|t 0
|
| 952 |
f |
f |
|a Texas A&M University
|b Rellis Campus
|c Joint Library Facility
|d Remote Storage
|e UG1 .M65
|h Library of Congress classification
|i unmediated -- volume
|k v.55:no.1-3
|l 2000:Sept.-Nov.
|m A14827899702
|p ric
|s JLF
|t 0
|
| 952 |
f |
f |
|a Texas A&M University
|b Rellis Campus
|c Joint Library Facility
|d Remote Storage
|e UG1 .M65
|h Library of Congress classification
|i unmediated -- volume
|k v.65:no.4-6
|l 2010/2011:Dec.-:Feb.
|m A14839674029
|p ric
|s JLF
|t 0
|
| 952 |
f |
f |
|a Texas A&M University
|b Rellis Campus
|c Joint Library Facility
|d Remote Storage
|e UG1 .M65
|h Library of Congress classification
|i unmediated -- volume
|k v.18
|l 1963/1964
|m A14827486509
|p ric
|s JLF
|t 0
|
| 952 |
f |
f |
|a Texas A&M University
|b Rellis Campus
|c Joint Library Facility
|d Remote Storage
|e UG1 .M65
|h Library of Congress classification
|i unmediated -- volume
|k v.62:no.7-9
|l 2008:Mar.-May
|m A14837286799
|p ric
|s JLF
|t 0
|
| 952 |
f |
f |
|a Texas A&M University
|b Rellis Campus
|c Joint Library Facility
|d Remote Storage
|e UG1 .M65
|h Library of Congress classification
|i unmediated -- volume
|k v.45:no.10-12
|l 1991:June-Aug.
|m A14815689345
|p ric
|s JLF
|t 0
|
| 952 |
f |
f |
|a Texas A&M University
|b Rellis Campus
|c Joint Library Facility
|d Remote Storage
|e UG1 .M65
|h Library of Congress classification
|i unmediated -- volume
|k v.56:no.7-9
|l 2002:Mar.-May
|m A14829907577
|p ric
|s JLF
|t 0
|
| 952 |
f |
f |
|a Texas A&M University
|b Rellis Campus
|c Joint Library Facility
|d Remote Storage
|e UG1 .M65
|h Library of Congress classification
|i unmediated -- volume
|k v.65:no.10-12
|l 2011:June-Aug.
|m A14843308082
|p ric
|s JLF
|t 0
|
| 952 |
f |
f |
|a Texas A&M University
|b Rellis Campus
|c Joint Library Facility
|d Remote Storage
|e UG1 .M65
|h Library of Congress classification
|i unmediated -- volume
|k v.60:no.3
|l 2005:Nov.
|m A14834459709
|p ric
|s JLF
|t 0
|
| 952 |
f |
f |
|a Texas A&M University
|b Rellis Campus
|c Joint Library Facility
|d Remote Storage
|e UG1 .M65
|h Library of Congress classification
|i unmediated -- volume
|k v.13:no.1-12
|l 1958:Sept.-1959:Aug.
|m A14852378265
|p ric
|s JLF
|t 0
|
| 952 |
f |
f |
|a Texas A&M University
|b Rellis Campus
|c Joint Library Facility
|d Remote Storage
|e UG1 .M65
|h Library of Congress classification
|i unmediated -- volume
|k v.36
|l 1981-1982
|m A14852378596
|p ric
|s JLF
|t 0
|
| 952 |
f |
f |
|a Texas A&M University
|b Rellis Campus
|c Joint Library Facility
|d Remote Storage
|e UG1 .M65
|h Library of Congress classification
|i unmediated -- volume
|k v.38:no.1-6
|l 1983:Sept.-1984:Feb.
|m A14813844290
|p ric
|s JLF
|t 0
|
| 952 |
f |
f |
|a Texas A&M University
|b Rellis Campus
|c Joint Library Facility
|d Remote Storage
|e UG1 .M65
|h Library of Congress classification
|i unmediated -- volume
|k v.27
|l 1972-1973
|m A14852378471
|p ric
|s JLF
|t 0
|
| 952 |
f |
f |
|a Texas A&M University
|b Rellis Campus
|c Joint Library Facility
|d Remote Storage
|e UG1 .M65
|h Library of Congress classification
|i unmediated -- volume
|k v.69:no.4-6
|l 2014/15:Dec.-Feb.
|m A14843307944
|p ric
|s JLF
|t 0
|
| 952 |
f |
f |
|a Texas A&M University
|b Rellis Campus
|c Joint Library Facility
|d Remote Storage
|e UG1 .M65
|h Library of Congress classification
|i unmediated -- volume
|k v.51:no.7-9
|l 1997:Mar.-May
|m A14821435005
|p ric
|s JLF
|t 0
|
| 952 |
f |
f |
|a Texas A&M University
|b Rellis Campus
|c Joint Library Facility
|d Remote Storage
|e UG1 .M65
|h Library of Congress classification
|i unmediated -- volume
|k v.50:no.4-6
|l 1995:Dec.-1996:Feb.
|m A14819871724
|p ric
|s JLF
|t 0
|
| 952 |
f |
f |
|a Texas A&M University
|b Rellis Campus
|c Joint Library Facility
|d Remote Storage
|e UG1 .M65
|h Library of Congress classification
|i unmediated -- volume
|k v.11:no.5-12
|l 1957:Jan.-Aug.
|m A14852378240
|p ric
|s JLF
|t 0
|
| 952 |
f |
f |
|a Texas A&M University
|b Rellis Campus
|c Joint Library Facility
|d Remote Storage
|e UG1 .M65
|h Library of Congress classification
|i unmediated -- volume
|k v.54:no.1-3
|l 1999:Sept.-Dec.
|m A14825740591
|p ric
|s JLF
|t 0
|
| 952 |
f |
f |
|a Texas A&M University
|b Rellis Campus
|c Joint Library Facility
|d Remote Storage
|e UG1 .M65
|h Library of Congress classification
|i unmediated -- volume
|k v.66:no.7-9
|l 2012:Mar.-May
|m A14843308058
|p ric
|s JLF
|t 0
|
| 952 |
f |
f |
|a Texas A&M University
|b Rellis Campus
|c Joint Library Facility
|d Remote Storage
|e UG1 .M65
|h Library of Congress classification
|i unmediated -- volume
|k v.34:no.6-10
|l 1980:Mar.-Aug.
|m A14852378588
|p ric
|s JLF
|t 0
|
| 952 |
f |
f |
|a Texas A&M University
|b Rellis Campus
|c Joint Library Facility
|d Remote Storage
|e UG1 .M65
|h Library of Congress classification
|i unmediated -- volume
|k v.57:no.7-12
|l 2003:Mar.-Aug.
|m A14830971610
|p ric
|s JLF
|t 0
|
| 952 |
f |
f |
|a Texas A&M University
|b Rellis Campus
|c Joint Library Facility
|d Remote Storage
|e UG1 .M65
|h Library of Congress classification
|i unmediated -- volume
|k v.59:no.1-4
|l 2004:Sept.-Dec.
|m A14833682511
|p ric
|s JLF
|t 0
|
| 952 |
f |
f |
|a Texas A&M University
|b Rellis Campus
|c Joint Library Facility
|d Remote Storage
|e UG1 .M65
|h Library of Congress classification
|i unmediated -- volume
|k v.62:no.10-12
|l 2008:June-Aug.
|m A14834752678
|p ric
|s JLF
|t 0
|
| 952 |
f |
f |
|a Texas A&M University
|b Rellis Campus
|c Joint Library Facility
|d Remote Storage
|e UG1 .M65
|h Library of Congress classification
|i unmediated -- volume
|k v.43 no.5-8
|l 1989:Jan.-Apr.
|m A14812029669
|p ric
|s JLF
|t 0
|
| 952 |
f |
f |
|a Texas A&M University
|b Rellis Campus
|c Joint Library Facility
|d Remote Storage
|e UG1 .M65
|h Library of Congress classification
|i unmediated -- volume
|k v.62:no.1-3
|l 2007:Sept.-Nov.
|m A14837117275
|p ric
|s JLF
|t 0
|
| 952 |
f |
f |
|a Texas A&M University
|b Rellis Campus
|c Joint Library Facility
|d Remote Storage
|e UG1 .M65
|h Library of Congress classification
|i unmediated -- volume
|k v.51:no.10-12
|l 1997:June-Aug.
|m A14823640965
|p ric
|s JLF
|t 0
|
| 952 |
f |
f |
|a Texas A&M University
|b Rellis Campus
|c Joint Library Facility
|d Remote Storage
|e UG1 .M65
|h Library of Congress classification
|i unmediated -- volume
|k v.70:no.10-12
|l 2016:June-Aug.
|m A14843548547
|p ric
|s JLF
|t 0
|
| 952 |
f |
f |
|a Texas A&M University
|b Rellis Campus
|c Joint Library Facility
|d Remote Storage
|e UG1 .M65
|h Library of Congress classification
|i unmediated -- volume
|k v.66:no.4-6
|l 2011/2012:Dec.-Feb.
|m A14843308066
|p ric
|s JLF
|t 0
|
| 952 |
f |
f |
|a Texas A&M University
|b Rellis Campus
|c Joint Library Facility
|d Remote Storage
|e UG1 .M65
|h Library of Congress classification
|i unmediated -- volume
|k v.47:no.10-12
|l 1993:June-Aug.
|m A14817875447
|p ric
|s JLF
|t 0
|
| 952 |
f |
f |
|a Texas A&M University
|b Rellis Campus
|c Joint Library Facility
|d Remote Storage
|e UG1 .M65
|h Library of Congress classification
|i unmediated -- volume
|k v.65:no.1-3
|l 2010:Sept.-Nov.
|m A14839422812
|p ric
|s JLF
|t 0
|
| 952 |
f |
f |
|a Texas A&M University
|b Rellis Campus
|c Joint Library Facility
|d Remote Storage
|e UG1 .M65
|h Library of Congress classification
|i unmediated -- volume
|k v.31:no.1-5
|l 1976/1977:Sept.-Feb.
|m A14834463732
|p ric
|s JLF
|t 0
|
| 952 |
f |
f |
|a Texas A&M University
|b Rellis Campus
|c Joint Library Facility
|d Remote Storage
|e UG1 .M65
|h Library of Congress classification
|i unmediated -- volume
|k v.23
|l 1968-1969
|m A14852378430
|p ric
|s JLF
|t 0
|
| 952 |
f |
f |
|a Texas A&M University
|b Rellis Campus
|c Joint Library Facility
|d Remote Storage
|e UG1 .M65
|h Library of Congress classification
|i unmediated -- volume
|k v.19:no.1-12
|l 1964:Sept.-1965:Aug.
|m A14852378158
|p ric
|s JLF
|t 0
|
| 952 |
f |
f |
|a Texas A&M University
|b Rellis Campus
|c Joint Library Facility
|d Remote Storage
|e UG1 .M65
|h Library of Congress classification
|i unmediated -- volume
|k v.29:no.1-5
|l 1974:Sept.-1975:Feb.
|m A14852378497
|p ric
|s JLF
|t 0
|
| 952 |
f |
f |
|a Texas A&M University
|b Rellis Campus
|c Joint Library Facility
|d Remote Storage
|e UG1 .M65
|h Library of Congress classification
|i unmediated -- volume
|k v.28:no.6-11
|l 1974:Feb.-Aug.
|m A14852378489
|p ric
|s JLF
|t 0
|
| 952 |
f |
f |
|a Texas A&M University
|b Rellis Campus
|c Joint Library Facility
|d Remote Storage
|e UG1 .M65
|h Library of Congress classification
|i unmediated -- volume
|k v.43 no.1-4
|l 1988:Sept.-Dec.
|m A14812029619
|p ric
|s JLF
|t 0
|
| 952 |
f |
f |
|a Texas A&M University
|b Rellis Campus
|c Joint Library Facility
|d Remote Storage
|e UG1 .M65
|h Library of Congress classification
|i unmediated -- volume
|k v.32:no.1-5
|l 1977:Sept.-1978:Feb.
|m A14852378521
|p ric
|s JLF
|t 0
|
| 952 |
f |
f |
|a Texas A&M University
|b Rellis Campus
|c Joint Library Facility
|d Remote Storage
|e UG1 .M65
|h Library of Congress classification
|i unmediated -- volume
|k v.58:no.1-4
|l 2003:Sept.-Dec.
|m A14831471061
|p ric
|s JLF
|t 0
|
| 952 |
f |
f |
|a Texas A&M University
|b Rellis Campus
|c Joint Library Facility
|d Remote Storage
|e UG1 .M65
|h Library of Congress classification
|i unmediated -- volume
|k v.31:no.6-10
|l 1977:Mar.-Aug.
|m A14852378513
|p ric
|s JLF
|t 0
|
| 952 |
f |
f |
|a Texas A&M University
|b Rellis Campus
|c Joint Library Facility
|d Remote Storage
|e UG1 .M65
|h Library of Congress classification
|i unmediated -- volume
|k v.58:no.5-8
|l 2004:Jan.-Apr.
|m A14831474483
|p ric
|s JLF
|t 0
|
| 952 |
f |
f |
|a Texas A&M University
|b Rellis Campus
|c Joint Library Facility
|d Remote Storage
|e UG1 .M65
|h Library of Congress classification
|i unmediated -- volume
|k v.20:no.1-12
|l 1965:Sept.-1966:Aug.
|m A14852378166
|p ric
|s JLF
|t 0
|
| 952 |
f |
f |
|a Texas A&M University
|b Rellis Campus
|c Joint Library Facility
|d Remote Storage
|e UG1 .M65
|h Library of Congress classification
|i unmediated -- volume
|k v.64:no.7-9
|l 2010:Mar.-May
|m A14839422799
|p ric
|s JLF
|t 0
|
| 952 |
f |
f |
|a Texas A&M University
|b Rellis Campus
|c Joint Library Facility
|d Remote Storage
|e UG1 .M65
|h Library of Congress classification
|i unmediated -- volume
|k v.48:no.5-8
|l 1994:Jan.-Apr.
|m A14818837125
|p ric
|s JLF
|t 0
|
| 952 |
f |
f |
|a Texas A&M University
|b Rellis Campus
|c Joint Library Facility
|d Remote Storage
|e UG1 .M65
|h Library of Congress classification
|i unmediated -- volume
|k v.72:no.1-6
|l 2017:Sept.-Dec.-2018:Jan.-Feb.
|m A14850400756
|p ric
|s JLF
|t 0
|
| 952 |
f |
f |
|a Texas A&M University
|b Rellis Campus
|c Joint Library Facility
|d Remote Storage
|e UG1 .M65
|h Library of Congress classification
|i unmediated -- volume
|k v.45:no.1-3
|l 1990:Sept.-Nov.
|m A14815292740
|p ric
|s JLF
|t 0
|
| 952 |
f |
f |
|a Texas A&M University
|b Rellis Campus
|c Joint Library Facility
|d Remote Storage
|e UG1 .M65
|h Library of Congress classification
|i unmediated -- volume
|k v.50:no.7-9
|l 1996:Mar.-May
|m A14820275753
|p ric
|s JLF
|t 0
|
| 952 |
f |
f |
|a Texas A&M University
|b Rellis Campus
|c Joint Library Facility
|d Remote Storage
|e UG1 .M65
|h Library of Congress classification
|i unmediated -- volume
|k v.61:no.5-6
|l 2007:Jan.-Feb.
|m A14836135872
|p ric
|s JLF
|t 0
|
| 952 |
f |
f |
|a Texas A&M University
|b Rellis Campus
|c Joint Library Facility
|d Remote Storage
|e UG1 .M65
|h Library of Congress classification
|i unmediated -- volume
|k v.46:no.1-3
|l 1991:Sept.-Nov.
|m A14815689997
|p ric
|s JLF
|t 0
|
| 952 |
f |
f |
|a Texas A&M University
|b Rellis Campus
|c Joint Library Facility
|d Remote Storage
|e UG1 .M65
|h Library of Congress classification
|i unmediated -- volume
|k v.34:no.1-5
|l 1979:Sept.-1980:Feb.
|m A14852378562
|p ric
|s JLF
|t 0
|
| 952 |
f |
f |
|a Texas A&M University
|b Rellis Campus
|c Joint Library Facility
|d Remote Storage
|e UG1 .M65
|h Library of Congress classification
|i unmediated -- volume
|k v.61:no.10-12
|l 2007:June-Aug.
|m A14836446362
|p ric
|s JLF
|t 0
|
| 952 |
f |
f |
|a Texas A&M University
|b Rellis Campus
|c Joint Library Facility
|d Remote Storage
|e UG1 .M65
|h Library of Congress classification
|i unmediated -- volume
|k v.21
|l 1966-1967
|m A14852378414
|p ric
|s JLF
|t 0
|
| 952 |
f |
f |
|a Texas A&M University
|b Rellis Campus
|c Joint Library Facility
|d Remote Storage
|e UG1 .M65
|h Library of Congress classification
|i unmediated -- volume
|k v.63:no.4,7-8
|l 2008/2009:Dec.-Apr.
|m A14838933682
|p ric
|s JLF
|t 0
|
| 952 |
f |
f |
|a Texas A&M University
|b Rellis Campus
|c Joint Library Facility
|d Remote Storage
|e UG1 .M65
|h Library of Congress classification
|i unmediated -- volume
|k v.59:no.7-8
|l 2005:Mar.-Apr.
|m A14832870129
|p ric
|s JLF
|t 0
|
| 952 |
f |
f |
|a Texas A&M University
|b Rellis Campus
|c Joint Library Facility
|d Remote Storage
|e UG1 .M65
|h Library of Congress classification
|i unmediated -- volume
|k v.55:no.4-6
|l 2000/2001:Dec.-Feb.
|m A14827899663
|p ric
|s JLF
|t 0
|
| 952 |
f |
f |
|a Texas A&M University
|b Rellis Campus
|c Joint Library Facility
|d Remote Storage
|e UG1 .M65
|h Library of Congress classification
|i unmediated -- volume
|k v.40:no.4-6
|l 1985:Dec.-1986:Feb.
|m A14815661606
|p ric
|s JLF
|t 0
|
| 952 |
f |
f |
|a Texas A&M University
|b Rellis Campus
|c Joint Library Facility
|d Remote Storage
|e UG1 .M65
|h Library of Congress classification
|i unmediated -- volume
|k v.71:no.7-12
|l 2017:Mar.-Aug.
|m A14850342925
|p ric
|s JLF
|t 0
|
| 952 |
f |
f |
|a Texas A&M University
|b Rellis Campus
|c Joint Library Facility
|d Remote Storage
|e UG1 .M65
|h Library of Congress classification
|i unmediated -- volume
|k v.47:no.7-9
|l 1993:Mar.-May
|m A14817149715
|p ric
|s JLF
|t 0
|
| 952 |
f |
f |
|a Texas A&M University
|b Rellis Campus
|c Joint Library Facility
|d Remote Storage
|e UG1 .M65
|h Library of Congress classification
|i unmediated -- volume
|k v.67:no.10-12
|l 2013:June-Aug.
|m A14843308009
|p ric
|s JLF
|t 0
|
| 952 |
f |
f |
|a Texas A&M University
|b Rellis Campus
|c Joint Library Facility
|d Remote Storage
|e UG1 .M65
|h Library of Congress classification
|i unmediated -- volume
|k v.75:no.1-3
|l 2020:Sept.-Nov.
|m A14851505736
|p ric
|s JLF
|t 0
|
| 952 |
f |
f |
|a Texas A&M University
|b Rellis Campus
|c Joint Library Facility
|d Remote Storage
|e UG1 .M65
|h Library of Congress classification
|i unmediated -- volume
|k v.52:no.10-12
|l 1998:June-Aug.
|m A14823640177
|p ric
|s JLF
|t 0
|
| 952 |
f |
f |
|a Texas A&M University
|b Rellis Campus
|c Joint Library Facility
|d Remote Storage
|e UG1 .M65
|h Library of Congress classification
|i unmediated -- volume
|k v.74:no.1-6
|l 2019:Sept.-2020:Feb.
|m A14851464553
|p ric
|s JLF
|t 0
|
| 952 |
f |
f |
|a Texas A&M University
|b Rellis Campus
|c Joint Library Facility
|d Remote Storage
|e UG1 .M65
|h Library of Congress classification
|i unmediated -- volume
|k v.61:no.7-9
|l 2007:Apr.-May
|m A14836135911
|p ric
|s JLF
|t 0
|
| 952 |
f |
f |
|a Texas A&M University
|b Rellis Campus
|c Joint Library Facility
|d Remote Storage
|e UG1 .M65
|h Library of Congress classification
|i unmediated -- volume
|k v.70:no.4-6
|l 2015/2016:Dec.-Feb.
|m A14843533093
|p ric
|s JLF
|t 0
|
| 952 |
f |
f |
|a Texas A&M University
|b Rellis Campus
|c Joint Library Facility
|d Remote Storage
|e UG1 .M65
|h Library of Congress classification
|i unmediated -- volume
|k v.30:no.6-9
|l 1976:Mar.-July
|m A14834463805
|p ric
|s JLF
|t 0
|
| 952 |
f |
f |
|a Texas A&M University
|b Rellis Campus
|c Joint Library Facility
|d Remote Storage
|e UG1 .M65
|h Library of Congress classification
|i unmediated -- volume
|k v.46:no.7-9
|l 1992:Mar.-May
|m A14816074030
|p ric
|s JLF
|t 0
|
| 952 |
f |
f |
|a Texas A&M University
|b Rellis Campus
|c Joint Library Facility
|d Remote Storage
|e UG1 .M65
|h Library of Congress classification
|i unmediated -- volume
|k v.54:no.10-12
|l 2000:June-Aug.
|m A14827335392
|p ric
|s JLF
|t 0
|
| 952 |
f |
f |
|a Texas A&M University
|b Rellis Campus
|c Joint Library Facility
|d Remote Storage
|e UG1 .M65
|h Library of Congress classification
|i unmediated -- volume
|k v.66:no.10-12
|l 2012:June-Aug.
|m A14843308041
|p ric
|s JLF
|t 0
|
| 952 |
f |
f |
|a Texas A&M University
|b Rellis Campus
|c Joint Library Facility
|d Remote Storage
|e UG1 .M65
|h Library of Congress classification
|i unmediated -- volume
|k v.55:no.7-9
|l 2001:Mar.-May
|m A14827899786
|p ric
|s JLF
|t 0
|
| 952 |
f |
f |
|a Texas A&M University
|b Rellis Campus
|c Joint Library Facility
|d Remote Storage
|e UG1 .M65
|h Library of Congress classification
|i unmediated -- volume
|k v.26
|l 1971-1972
|m A14852378463
|p ric
|s JLF
|t 0
|
| 952 |
f |
f |
|a Texas A&M University
|b Rellis Campus
|c Joint Library Facility
|d Remote Storage
|e UG1 .M65
|h Library of Congress classification
|i unmediated -- volume
|k v.68:no.4-6
|l 2013/14:Dec.-Feb.
|m A14843307985
|p ric
|s JLF
|t 0
|
| 952 |
f |
f |
|a Texas A&M University
|b Rellis Campus
|c Joint Library Facility
|d Remote Storage
|e UG1 .M65
|h Library of Congress classification
|i unmediated -- volume
|k v.56:no.10-12
|l 2002:June-Aug.
|m A14829907535
|p ric
|s JLF
|t 0
|
| 952 |
f |
f |
|a Texas A&M University
|b Rellis Campus
|c Joint Library Facility
|d Remote Storage
|e UG1 .M65
|h Library of Congress classification
|i unmediated -- volume
|k v.69:no.10-12
|l 2015:June-Aug.
|m A14843307928
|p ric
|s JLF
|t 0
|
| 952 |
f |
f |
|a Texas A&M University
|b Rellis Campus
|c Joint Library Facility
|d Remote Storage
|e UG1 .M65
|h Library of Congress classification
|i unmediated -- volume
|k v.70:no.1-3
|l 2015:Sept.-Nov.
|m A14843307910
|p ric
|s JLF
|t 0
|
| 952 |
f |
f |
|a Texas A&M University
|b Rellis Campus
|c Joint Library Facility
|d Remote Storage
|e UG1 .M65
|h Library of Congress classification
|i unmediated -- volume
|k v.57:no.1-3
|l 2002:Sept.-Nov.
|m A14829907454
|p ric
|s JLF
|t 0
|
| 952 |
f |
f |
|a Texas A&M University
|b Rellis Campus
|c Joint Library Facility
|d Remote Storage
|e UG1 .M65
|h Library of Congress classification
|i unmediated -- volume
|k v.39:no.7-12
|l 1985:Mar.-Aug.
|m A14852378638
|p ric
|s JLF
|t 0
|
| 952 |
f |
f |
|a Texas A&M University
|b Rellis Campus
|c Joint Library Facility
|d Remote Storage
|e UG1 .M65
|h Library of Congress classification
|i unmediated -- volume
|k v.48:no.1-4
|l 1993:Sept.-Dec.
|m A14817869802
|p ric
|s JLF
|t 0
|
| 952 |
f |
f |
|a Texas A&M University
|b Rellis Campus
|c Joint Library Facility
|d Remote Storage
|e UG1 .M65
|h Library of Congress classification
|i unmediated -- volume
|k v.44:no.5-8
|l 1990:Jan.-Apr.
|m A14812925475
|p ric
|s JLF
|t 0
|
| 952 |
f |
f |
|a Texas A&M University
|b Rellis Campus
|c Joint Library Facility
|d Remote Storage
|e UG1 .M65
|h Library of Congress classification
|i unmediated -- volume
|k v.68:no.1-3
|l 2013:Sept.-Nov.
|m A14843307993
|p ric
|s JLF
|t 0
|
| 952 |
f |
f |
|a Texas A&M University
|b Rellis Campus
|c Joint Library Facility
|d Remote Storage
|e UG1 .M65
|h Library of Congress classification
|i unmediated -- volume
|k v.48:no.9-12
|l 1994:May-Aug.
|m A14818837133
|p ric
|s JLF
|t 0
|
| 952 |
f |
f |
|a Texas A&M University
|b Rellis Campus
|c Joint Library Facility
|d Remote Storage
|e UG1 .M65
|h Library of Congress classification
|i unmediated -- volume
|k v.67:no.4-6
|l 2012/2013:Dec.-Feb.
|m A14843308025
|p ric
|s JLF
|t 0
|
| 952 |
f |
f |
|a Texas A&M University
|b Rellis Campus
|c Joint Library Facility
|d Remote Storage
|e UG1 .M65
|h Library of Congress classification
|i unmediated -- volume
|k v.46:no.10-12
|l 1992:June-Aug.
|m A14816111688
|p ric
|s JLF
|t 0
|
| 952 |
f |
f |
|a Texas A&M University
|b Rellis Campus
|c Joint Library Facility
|d Remote Storage
|e UG1 .M65
|h Library of Congress classification
|i unmediated -- volume
|k v.54:no.7-9
|l 2000:Mar.-May
|m A14827335473
|p ric
|s JLF
|t 0
|
| 952 |
f |
f |
|a Texas A&M University
|b Rellis Campus
|c Joint Library Facility
|d Remote Storage
|e UG1 .M65
|h Library of Congress classification
|i unmediated -- volume
|k v.39:no.1-6
|l 1984:Sept.-1985:Feb.
|m A14852378620
|p ric
|s JLF
|t 0
|
| 952 |
f |
f |
|a Texas A&M University
|b Rellis Campus
|c Joint Library Facility
|d Remote Storage
|e UG1 .M65
|h Library of Congress classification
|i unmediated -- volume
|k v.45:no.4-6
|l 1990:Dec.-1991:Feb.
|m A14815294611
|p ric
|s JLF
|t 0
|
| 952 |
f |
f |
|a Texas A&M University
|b Rellis Campus
|c Joint Library Facility
|d Remote Storage
|e UG1 .M65
|h Library of Congress classification
|i unmediated -- volume
|k v.42:no.5-8
|l 1988:Jan.-Apr.
|m A14811627058
|p ric
|s JLF
|t 0
|
| 952 |
f |
f |
|a Texas A&M University
|b Rellis Campus
|c Joint Library Facility
|d Remote Storage
|e UG1 .M65
|h Library of Congress classification
|i unmediated -- volume
|k v.47:no.1-4
|l 1992:Sept.-Dec.
|m A14816143546
|p ric
|s JLF
|t 0
|
| 952 |
f |
f |
|a Texas A&M University
|b Rellis Campus
|c Joint Library Facility
|d Remote Storage
|e UG1 .M65
|h Library of Congress classification
|i unmediated -- volume
|k v.25
|l 1970-1971
|m A14852378455
|p ric
|s JLF
|t 0
|
| 952 |
f |
f |
|a Texas A&M University
|b Rellis Campus
|c Joint Library Facility
|d Remote Storage
|e UG1 .M65
|h Library of Congress classification
|i unmediated -- volume
|k v.56:no.1-3
|l 2001:Sept.-Nov.
|m A14828581564
|p ric
|s JLF
|t 0
|
| 952 |
f |
f |
|a Texas A&M University
|b Rellis Campus
|c Joint Library Facility
|d Remote Storage
|e UG1 .M65
|h Library of Congress classification
|i unmediated -- volume
|k v.52:no.1-3
|l 1997:Sept.-Nov.
|m A14823641018
|p ric
|s JLF
|t 0
|
| 952 |
f |
f |
|a Texas A&M University
|b Rellis Campus
|c Joint Library Facility
|d Remote Storage
|e UG1 .M65
|h Library of Congress classification
|i unmediated -- volume
|k v.53:no.7-9
|l 1999:Mar-May
|m A14825383543
|p ric
|s JLF
|t 0
|
| 952 |
f |
f |
|a Texas A&M University
|b Rellis Campus
|c Joint Library Facility
|d Remote Storage
|e UG1 .M65
|h Library of Congress classification
|i unmediated -- volume
|k v.51:no.4-6
|l 1996:Dec.-1997:Feb.
|m A14821435055
|p ric
|s JLF
|t 0
|
| 952 |
f |
f |
|a Texas A&M University
|b Rellis Campus
|c Joint Library Facility
|d Remote Storage
|e UG1 .M65
|h Library of Congress classification
|i unmediated -- volume
|k v.46:no.4-6
|l 1991:Dec.-1992:Feb.
|m A14815661583
|p ric
|s JLF
|t 0
|
| 952 |
f |
f |
|a Texas A&M University
|b Rellis Campus
|c Joint Library Facility
|d Remote Storage
|e UG1 .M65
|h Library of Congress classification
|i unmediated -- volume
|k v.24
|l 1969-1970
|m A14852378448
|p ric
|s JLF
|t 0
|
| 952 |
f |
f |
|a Texas A&M University
|b Rellis Campus
|c Joint Library Facility
|d Remote Storage
|e UG1 .M65
|h Library of Congress classification
|i unmediated -- volume
|k v.67:no.7-9
|l 2013:Mar.-May
|m A14843308017
|p ric
|s JLF
|t 0
|
| 952 |
f |
f |
|a Texas A&M University
|b Rellis Campus
|c Joint Library Facility
|d Remote Storage
|e UG1 .M65
|h Library of Congress classification
|i unmediated -- volume
|k v.53:no.4-6
|l 1998/1999:Dec.-Feb.
|m A14825383593
|p ric
|s JLF
|t 0
|
| 952 |
f |
f |
|a Texas A&M University
|b Rellis Campus
|c Joint Library Facility
|d Remote Storage
|e UG1 .M65
|h Library of Congress classification
|i unmediated -- volume
|k v.74:no.7,9-12
|l 2020:Mar.,May-Aug.
|m A14851489626
|p ric
|s JLF
|t 0
|
| 952 |
f |
f |
|a Texas A&M University
|b Rellis Campus
|c Joint Library Facility
|d Remote Storage
|e UG1 .M65
|h Library of Congress classification
|i unmediated -- volume
|k v.41:no.1-6
|l 1986:Sept.-1987:Feb.
|m A14811360371
|p ric
|s JLF
|t 0
|
| 952 |
f |
f |
|a Texas A&M University
|b Rellis Campus
|c Joint Library Facility
|d Remote Storage
|e UG1 .M65
|h Library of Congress classification
|i unmediated -- volume
|k v.59:no.5-6
|l 2005:Jan.-Feb.
|m A14832865035
|p ric
|s JLF
|t 0
|
| 952 |
f |
f |
|a Texas A&M University
|b Rellis Campus
|c Joint Library Facility
|d Remote Storage
|e UG1 .M65
|h Library of Congress classification
|i unmediated -- volume
|k v.52:no.7-9
|l 1998:Mar.-May
|m A14823640127
|p ric
|s JLF
|t 0
|
| 952 |
f |
f |
|a Texas A&M University
|b Rellis Campus
|c Joint Library Facility
|d Remote Storage
|e UG1 .M65
|h Library of Congress classification
|i unmediated -- volume
|k v.30:no.1-5
|l 1975/1976:Sept.-Feb.
|m A14834463766
|p ric
|s JLF
|t 0
|
| 952 |
f |
f |
|a Texas A&M University
|b Rellis Campus
|c Joint Library Facility
|d Remote Storage
|e UG1 .M65
|h Library of Congress classification
|i unmediated -- volume
|k v.32:no.6-10
|l 1978:Mar.-Aug.
|m A14852378539
|p ric
|s JLF
|t 0
|
| 952 |
f |
f |
|a Texas A&M University
|b Rellis Campus
|c Joint Library Facility
|d Remote Storage
|e UG1 .M65
|h Library of Congress classification
|i unmediated -- volume
|k v.66:no.1-3
|l 2011:Sept.-Nov.
|m A14843308074
|p ric
|s JLF
|t 0
|
| 952 |
f |
f |
|a Texas A&M University
|b Rellis Campus
|c Joint Library Facility
|d Remote Storage
|e UG1 .M65
|h Library of Congress classification
|i unmediated -- volume
|k v.68:no.7-9
|l 2014:Mar.-May
|m A14843307977
|p ric
|s JLF
|t 0
|
| 952 |
f |
f |
|a Texas A&M University
|b Rellis Campus
|c Joint Library Facility
|d Remote Storage
|e UG1 .M65
|h Library of Congress classification
|i unmediated -- volume
|k v.50:no.10-12
|l 1996:June-Aug.
|m A14820711204
|p ric
|s JLF
|t 0
|
| 952 |
f |
f |
|a Texas A&M University
|b Rellis Campus
|c Joint Library Facility
|d Remote Storage
|e UG1 .M65
|h Library of Congress classification
|i unmediated -- volume
|k v.63:no.1-3
|l 2008:Sept.-Nov.
|m A14834760914
|p ric
|s JLF
|t 0
|
| 952 |
f |
f |
|a Texas A&M University
|b Rellis Campus
|c Joint Library Facility
|d Remote Storage
|e UG1 .M65
|h Library of Congress classification
|i unmediated -- volume
|k v.73:no.1-6
|l 2018:Sept.-Dec.-2019:Jan.-Feb.
|m A14850926438
|p ric
|s JLF
|t 0
|
| 952 |
f |
f |
|a Texas A&M University
|b Rellis Campus
|c Joint Library Facility
|d Remote Storage
|e UG1 .M65
|h Library of Congress classification
|i unmediated -- volume
|k v.68:no.10-12
|l 2014:June-Aug.
|m A14843307969
|p ric
|s JLF
|t 0
|
| 952 |
f |
f |
|a Texas A&M University
|b Rellis Campus
|c Joint Library Facility
|d Remote Storage
|e UG1 .M65
|h Library of Congress classification
|i unmediated -- volume
|k v.42:no.1-4
|l 1987:Sept.-Dec.
|m A14811627105
|p ric
|s JLF
|t 0
|
| 952 |
f |
f |
|a Texas A&M University
|b Rellis Campus
|c Joint Library Facility
|d Remote Storage
|e UG1 .M65
|h Library of Congress classification
|i unmediated -- volume
|k v.35
|l 1980-1981
|m A14852378570
|p ric
|s JLF
|t 0
|
| 952 |
f |
f |
|a Texas A&M University
|b Rellis Campus
|c Joint Library Facility
|d Remote Storage
|e UG1 .M65
|h Library of Congress classification
|i unmediated -- volume
|k v.69:no.7-9
|l 2015:Mar.-May
|m A14843307936
|p ric
|s JLF
|t 0
|
| 952 |
f |
f |
|a Texas A&M University
|b Rellis Campus
|c Joint Library Facility
|d Remote Storage
|e UG1 .M65
|h Library of Congress classification
|i unmediated -- volume
|k v.65:no.7-9
|l 2011:Mar.-May
|m A14843308090
|p ric
|s JLF
|t 0
|
| 952 |
f |
f |
|a Texas A&M University
|b Rellis Campus
|c Joint Library Facility
|d Remote Storage
|e UG1 .M65
|h Library of Congress classification
|i unmediated -- volume
|k v.60:no.1-2
|l 2005:Sept.-Oct.
|m A14832897278
|p ric
|s JLF
|t 0
|
| 952 |
f |
f |
|a Texas A&M University
|b Rellis Campus
|c Joint Library Facility
|d Remote Storage
|e UG1 .M65
|h Library of Congress classification
|i unmediated -- volume
|k v.54:no.4-6
|l 1999:Dec.-2000:Feb.
|m A14827335512
|p ric
|s JLF
|t 0
|
| 952 |
f |
f |
|a Texas A&M University
|b Rellis Campus
|c Joint Library Facility
|d Remote Storage
|e UG1 .M65
|h Library of Congress classification
|i unmediated -- volume
|k v.53:no.10-12
|l 1999:June-Aug
|m A14825383496
|p ric
|s JLF
|t 0
|
| 952 |
f |
f |
|a Texas A&M University
|b Rellis Campus
|c Joint Library Facility
|d Remote Storage
|e UG1 .M65
|h Library of Congress classification
|i unmediated -- volume
|k v.64:no.4-6
|l 2009/2010:Dec.-Feb.
|m A14839422781
|p ric
|s JLF
|t 0
|
| 952 |
f |
f |
|a Texas A&M University
|b Rellis Campus
|c Joint Library Facility
|d Remote Storage
|e UG1 .M65
|h Library of Congress classification
|i unmediated -- volume
|k v.71:no.1-6
|l 2016/2017:Sept.-Feb.
|m A14850084139
|p ric
|s JLF
|t 0
|
| 952 |
f |
f |
|a Texas A&M University
|b Rellis Campus
|c Joint Library Facility
|d Remote Storage
|e UG1 .M65
|h Library of Congress classification
|i unmediated -- volume
|k v.64:no.10-12
|l 2010:June-Aug.
|m A14839422804
|p ric
|s JLF
|t 0
|
| 952 |
f |
f |
|a Texas A&M University
|b Rellis Campus
|c Joint Library Facility
|d Remote Storage
|e UG1 .M65
|h Library of Congress classification
|i unmediated -- volume
|k v.17:no.1-12
|l 1962:Sept.-1963:Aug.
|m A14852378141
|p ric
|s JLF
|t 0
|
| 952 |
f |
f |
|p noncirc
|a Texas A&M University
|b College Station
|c Cushing Memorial Library & Archives
|s cush mil
|d Cushing: Ragan Military (Does not check out)
|t 0
|e UG1 .M65
|h Library of Congress classification
|i unmediated -- volume
|
| 952 |
f |
f |
|a Texas A&M University
|b Rellis Campus
|c Joint Library Facility
|d Remote Storage
|e UG1 .M65
|h Library of Congress classification
|i unmediated -- volume
|k v.50:no.1-3
|l 1995:Sept.-Nov.
|m A14819871520
|p ric
|s JLF
|t 0
|
| 952 |
f |
f |
|a Texas A&M University
|b Rellis Campus
|c Joint Library Facility
|d Remote Storage
|e UG1 .M65
|h Library of Congress classification
|i unmediated -- volume
|k v.62:no.4-6
|l 2007/2008:Dec.-Feb.
|m A14837117233
|p ric
|s JLF
|t 0
|
| 952 |
f |
f |
|a Texas A&M University
|b Rellis Campus
|c Joint Library Facility
|d Remote Storage
|e UG1 .M65
|h Library of Congress classification
|i unmediated -- volume
|k v.43 no.9-12
|l 1989:May-Aug.
|m A14812029025
|p ric
|s JLF
|t 0
|
| 952 |
f |
f |
|a Texas A&M University
|b Rellis Campus
|c Joint Library Facility
|d Remote Storage
|e UG1 .M65
|h Library of Congress classification
|i unmediated -- volume
|k v.45:no.7-9
|l 1991:Mar.-May
|m A14815689395
|p ric
|s JLF
|t 0
|
| 952 |
f |
f |
|a Texas A&M University
|b Rellis Campus
|c Joint Library Facility
|d Remote Storage
|e UG1 .M65
|h Library of Congress classification
|i unmediated -- volume
|k v.38:no.7-12
|l 1984:Mar.-Aug.
|m A14852378612
|p ric
|s JLF
|t 0
|
| 952 |
f |
f |
|a Texas A&M University
|b Rellis Campus
|c Joint Library Facility
|d Remote Storage
|e UG1 .M65
|h Library of Congress classification
|i unmediated -- volume
|k v.42:no.9-12
|l 1988:May-Aug.
|m A14811627008
|p ric
|s JLF
|t 0
|
| 952 |
f |
f |
|a Texas A&M University
|b Rellis Campus
|c Joint Library Facility
|d Remote Storage
|e UG1 .M65
|h Library of Congress classification
|i unmediated -- volume
|k v.53:no.1-3
|l 1998:Sept-Nov
|m A14825383446
|p ric
|s JLF
|t 0
|
| 952 |
f |
f |
|a Texas A&M University
|b Rellis Campus
|c Joint Library Facility
|d Remote Storage
|e UG1 .M65
|h Library of Congress classification
|i unmediated -- volume
|k v.12:no.1-12
|l 1957:Sept.-1958:Aug.
|m A14852378257
|p ric
|s JLF
|t 0
|
| 952 |
f |
f |
|a Texas A&M University
|b Rellis Campus
|c Joint Library Facility
|d Remote Storage
|e UG1 .M65
|h Library of Congress classification
|i unmediated -- volume
|k v.14:no.1-12
|l 1959:Sept.-1960:Aug.
|m A14852378273
|p ric
|s JLF
|t 0
|
| 952 |
f |
f |
|a Texas A&M University
|b Rellis Campus
|c Joint Library Facility
|d Remote Storage
|e UG1 .M65
|h Library of Congress classification
|i unmediated -- volume
|k v.70:no.7-9
|l 2016:Mar.-May
|m A14843533101
|p ric
|s JLF
|t 0
|
| 952 |
f |
f |
|a Texas A&M University
|b Rellis Campus
|c Joint Library Facility
|d Remote Storage
|e UG1 .M65
|h Library of Congress classification
|i unmediated -- volume
|k v.33:no.1-5
|l 1978:Sept.-1979:Feb.
|m A14852378547
|p ric
|s JLF
|t 0
|
| 952 |
f |
f |
|a Texas A&M University
|b Rellis Campus
|c Joint Library Facility
|d Remote Storage
|e UG1 .M65
|h Library of Congress classification
|i unmediated -- volume
|k v.67:no.1-3
|l 2012:Sept.-Nov.
|m A14843308033
|p ric
|s JLF
|t 0
|
| 952 |
f |
f |
|a Texas A&M University
|b Rellis Campus
|c Joint Library Facility
|d Remote Storage
|e UG1 .M65
|h Library of Congress classification
|i unmediated -- volume
|k v.33:no.6-10
|l 1979:Mar.-Aug.
|m A14852378554
|p ric
|s JLF
|t 0
|
| 952 |
f |
f |
|a Texas A&M University
|b Rellis Campus
|c Joint Library Facility
|d Remote Storage
|e UG1 .M65
|h Library of Congress classification
|i unmediated -- volume
|k v.60:no.10-12
|l 2006:June-Aug.
|m A14834656767
|p ric
|s JLF
|t 0
|
| 952 |
f |
f |
|a Texas A&M University
|b Rellis Campus
|c Joint Library Facility
|d Remote Storage
|e UG1 .M65
|h Library of Congress classification
|i unmediated -- volume
|k v.49:no.4-6
|l 1994:Dec.-1995:Feb.
|m A14819173477
|p ric
|s JLF
|t 0
|
| 952 |
f |
f |
|a Texas A&M University
|b Rellis Campus
|c Joint Library Facility
|d Remote Storage
|e UG1 .M65
|h Library of Congress classification
|i unmediated -- volume
|k v.16:no.1-12
|l 1961:Sept.-1962:Aug.
|m A14852378133
|p ric
|s JLF
|t 0
|
| 952 |
f |
f |
|a Texas A&M University
|b Rellis Campus
|c Joint Library Facility
|d Remote Storage
|e UG1 .M65
|h Library of Congress classification
|i unmediated -- volume
|k v.40:no.7-9
|l 1986:Mar.-May
|m A14815661517
|p ric
|s JLF
|t 0
|
| 952 |
f |
f |
|a Texas A&M University
|b Rellis Campus
|c Joint Library Facility
|d Remote Storage
|e UG1 .M65
|h Library of Congress classification
|i unmediated -- volume
|k v.51:no.1-3
|l 1996:Sept.-Nov.
|m A14820711254
|p ric
|s JLF
|t 0
|
| 952 |
f |
f |
|a Texas A&M University
|b Rellis Campus
|c Joint Library Facility
|d Remote Storage
|e UG1 .M65
|h Library of Congress classification
|i unmediated -- volume
|k v.60:no.7-9
|l 2006:Mar.-May
|m A14834468415
|p ric
|s JLF
|t 0
|
| 952 |
f |
f |
|a Texas A&M University
|b Rellis Campus
|c Joint Library Facility
|d Remote Storage
|e UG1 .M65
|h Library of Congress classification
|i unmediated -- volume
|k v.40:no.10-12
|l 1986:June-Aug.
|m A14815661525
|p ric
|s JLF
|t 0
|
| 952 |
f |
f |
|a Texas A&M University
|b Rellis Campus
|c Joint Library Facility
|d Remote Storage
|e UG1 .M65
|h Library of Congress classification
|i unmediated -- volume
|k v.49:no.10-12
|l 1995:June-Aug.
|m A14819562854
|p ric
|s JLF
|t 0
|
| 952 |
f |
f |
|a Texas A&M University
|b Rellis Campus
|c Joint Library Facility
|d Remote Storage
|e UG1 .M65
|h Library of Congress classification
|i unmediated -- volume
|k v.37
|l 1982-1983
|m A14852378604
|p ric
|s JLF
|t 0
|
| 952 |
f |
f |
|a Texas A&M University
|b Rellis Campus
|c Joint Library Facility
|d Remote Storage
|e UG1 .M65
|h Library of Congress classification
|i unmediated -- volume
|k v.57:no.4-6
|l 2002/2003:Dec.-Feb.
|m A14830971652
|p ric
|s JLF
|t 0
|
| 952 |
f |
f |
|a Texas A&M University
|b Rellis Campus
|c Joint Library Facility
|d Remote Storage
|e UG1 .M65
|h Library of Congress classification
|i unmediated -- volume
|k v.22
|l 1967-1968
|m A14852378422
|p ric
|s JLF
|t 0
|
| 952 |
f |
f |
|a Texas A&M University
|b Rellis Campus
|c Joint Library Facility
|d Remote Storage
|e UG1 .M65
|h Library of Congress classification
|i unmediated -- volume
|k v.28:no.1-5
|l 1973/1974:Sept.-Jan.
|m A14834463724
|p ric
|s JLF
|t 0
|
| 952 |
f |
f |
|a Texas A&M University
|b Rellis Campus
|c Joint Library Facility
|d Remote Storage
|e UG1 .M65
|h Library of Congress classification
|i unmediated -- volume
|k v.73:no.7-12
|l 2019:Mar.-Aug.
|m A14851464546
|p ric
|s JLF
|t 0
|
| 952 |
f |
f |
|a Texas A&M University
|b Rellis Campus
|c Joint Library Facility
|d Remote Storage
|e UG1 .M65
|h Library of Congress classification
|i unmediated -- volume
|k v.29:no.6-10
|l 1975:Mar.-Aug.
|m A14852378505
|p ric
|s JLF
|t 0
|
| 952 |
f |
f |
|a Texas A&M University
|b Rellis Campus
|c Joint Library Facility
|d Remote Storage
|e UG1 .M65
|h Library of Congress classification
|i unmediated -- volume
|k v.60:no.4-6
|l 2005/2006:Dec.-Feb.
|m A14834468457
|p ric
|s JLF
|t 0
|
| 952 |
f |
f |
|a Texas A&M University
|b Rellis Campus
|c Joint Library Facility
|d Remote Storage
|e UG1 .M65
|h Library of Congress classification
|i unmediated -- volume
|k v.59:no.9-12
|l 2005:May-Aug.
|m A14832892600
|p ric
|s JLF
|t 0
|
| 952 |
f |
f |
|a Texas A&M University
|b Rellis Campus
|c Joint Library Facility
|d Remote Storage
|e UG1 .M65
|h Library of Congress classification
|i unmediated -- volume
|k v.52:no.4-6
|l 1997:Dec.-1998:Feb.
|m A14823641068
|p ric
|s JLF
|t 0
|
| 952 |
f |
f |
|a Texas A&M University
|b Rellis Campus
|c Joint Library Facility
|d Remote Storage
|e UG1 .M65
|h Library of Congress classification
|i unmediated -- volume
|k v.15:no.1-12
|l 1960:Sept.-1961:Aug.
|m A14852378125
|p ric
|s JLF
|t 0
|
| 952 |
f |
f |
|a Texas A&M University
|b Rellis Campus
|c Joint Library Facility
|d Remote Storage
|e UG1 .M65
|h Library of Congress classification
|i unmediated -- volume
|k v.69:no.1-3
|l 2014:Sept.-Nov.
|m A14843307951
|p ric
|s JLF
|t 0
|
| 952 |
f |
f |
|a Texas A&M University
|b Rellis Campus
|c Joint Library Facility
|d Remote Storage
|e UG1 .M65
|h Library of Congress classification
|i unmediated -- volume
|k v.55:no.10-12
|l 2001:June-Aug.
|m A14828190868
|p ric
|s JLF
|t 0
|
| 952 |
f |
f |
|a Texas A&M University
|b Rellis Campus
|c Joint Library Facility
|d Remote Storage
|e UG1 .M65
|h Library of Congress classification
|i unmediated -- volume
|k v.49:no.9
|l 1995:May
|m A14830933963
|p ric
|s JLF
|t 0
|
| 952 |
f |
f |
|a Texas A&M University
|b Rellis Campus
|c Joint Library Facility
|d Remote Storage
|e UG1 .M65
|h Library of Congress classification
|i unmediated -- volume
|k v.44:no.9-12
|l 1990:May-Aug.
|m A14812925522
|p ric
|s JLF
|t 0
|
| 952 |
f |
f |
|a Texas A&M University
|b Rellis Campus
|c Joint Library Facility
|d Remote Storage
|e UG1 .M65
|h Library of Congress classification
|i unmediated -- volume
|k v.47:no.5-6
|l 1993:Jan.-Feb.
|m A14817188947
|p ric
|s JLF
|t 0
|
| 952 |
f |
f |
|a Texas A&M University
|b Rellis Campus
|c Joint Library Facility
|d Remote Storage
|e UG1 .M65
|h Library of Congress classification
|i unmediated -- volume
|k v.44:no.1-4
|l 1989:Sept.-Dec.
|m A14812925425
|p ric
|s JLF
|t 0
|
| 952 |
f |
f |
|a Texas A&M University
|b Rellis Campus
|c Joint Library Facility
|d Remote Storage
|e UG1 .M65
|h Library of Congress classification
|i unmediated -- volume
|k v.72:no.7-12
|l 2018:Mar.-Aug.
|m A14850400889
|p ric
|s JLF
|t 0
|
| 952 |
f |
f |
|a Texas A&M University
|b Rellis Campus
|c Joint Library Facility
|d Remote Storage
|e UG1 .M65
|h Library of Congress classification
|i unmediated -- volume
|k v.40:no.1-3
|l 1985:Sept.-Nov.
|m A14815661591
|p ric
|s JLF
|t 0
|
| 952 |
f |
f |
|a Texas A&M University
|b Rellis Campus
|c Joint Library Facility
|d Remote Storage
|e UG1 .M65
|h Library of Congress classification
|i unmediated -- volume
|k v.58:no.9-12
|l 2004:May-Aug.
|m A14831474522
|p ric
|s JLF
|t 0
|
| 998 |
f |
f |
|a UG1 .M65
|s v.46:no.5 (1992:Jan.)-v.47:no.3 (1992:Nov.)
|t 0
|l Cushing: Ragan Military (Does not check out)
|
| 998 |
f |
f |
|a UG1 .M65
|s v.75:no.1-3 (2020:Sept.-Nov.)
|t 0
|l Remote Storage
|